| 000 | 00738nam a2200205Ii 4500 | ||
|---|---|---|---|
| 003 | JO-AjNU | ||
| 008 | 230605s9999||||xx |||||||||||||| ||und|| | ||
| 017 | _a30682 | ||
| 040 |
_aJO-AjNU _bara _erda _cJO-AjNU |
||
| 041 | _aara | ||
| 050 | 1 | 4 | _aZ696 1985 |
| 100 | 3 |
_aاعداد الدباس ، اسماعيل احمد واخرون , _eauthor _98860 |
|
| 245 | 0 | 0 | _aالدليل العملي للتصنيف في المكتبات ومراكز التوثيق والمعلومات |
| 264 | 3 | 1 | _aعمان :جمعية المكتبات ،1985 |
| 300 | _a214ص | ||
| 336 |
_atext _btxt _2rdacontent |
||
| 337 |
_aunmediated _bn _2rdamedia |
||
| 338 |
_avolume _bnc _2rdacarrier |
||
| 650 | 4 |
_aالتصنيف العملي-نظام ديوي _98861 |
|
| 999 |
_aA1004 _c4572 _d4572 |
||